30 Facts That Start with 'Y' Quiz Stats

 Plays Quiz Updated Nov 7, 2017

Also try: 'Street' Quiz
Challenge
Share
Tweet
Embed
Score 0/30 Timer 05:00
8 Plays Today
Question Answer % Correct
In Japan, what unit of currency is equal to 100 sen?Yen
95.2%
What form of singing, involving repeated changes of pitch during a single note, originated in the Alps?Yodelling
95.1%
What is the name of the dark force that opposes 'yang' in traditional Chinese philosophy?Yin
94.7%
What Ivy League university is based in New Haven, Connecticut?Yale
92.9%
A type of what microscopic fungus is used to make bread dough rise?Yeast
92.8%
New York's two professional baseball teams are the Mets and which other?Yankees
92.3%
Said to live in the Himalayas, the Abominable Snowman is also known by what name?Yeti
91.6%
What imperial unit of measurement is equal to 0.9144 metres?Yard
88.6%
'Old Faithful' is a geyser found in which U.S. National Park?Yellowstone
88.3%
Croatia, Serbia and Slovenia were all parts of what former country?Yugoslavia
87%
'Young man, there's no need to feel down' is the first line of which Village People song?Y.M.C.A.
86.5%
In the 'Star Wars' films, Frank Oz provided the voice of what character?Yoda
84.8%
The words 'bagel', 'golem' and 'schnozzle' all derive from what language?Yiddish
80.2%
Sana'a is the capital of what country?Yemen
76.7%
Which U.S. singer/songwriter is famous for his song parodies such as 'Eat it', 'White & Nerdy' and 'Amish Paradise'?Yankovic ('Weird' Al)
75.5%
Question Answer % Correct
What breed of dog, bred to catch rats, is named after a county in Northern England?Yorkshire Terrier
74.9%
Edwin S. Lowe gave what game, played with five dice, its name?Yahtzee
74.5%
Serving from 1991 to 1999, who was the first President of Russia?Yeltsin (Boris)
68.2%
Which Chinese river is known as the Chang Jiang in its own language?Yangtze
66.4%
Whitehorse is the capital of what Canadian territory?Yukon
64.5%
Ranger Smith is the rival of which cartoon character?Yogi Bear
63.6%
Which Irish poet won the 1923 Nobel Prize for Literature?Yeats (William Butler)
52.5%
Often found in church graveyards, what trees belong to the Taxus genus?Yew
51.5%
'Scrambled Eggs' was the working title for what Beatles song?Yesterday
49.9%
Steve Chen, Chad Hurley and Jawed Karim founded what website in 2005?YouTube
49.9%
Donald Pleasence played Ernst Blofeld in what 1967 James Bond film?You Only Live Twice
47.6%
In February 1945, Franklin Roosevelt, Winston Churchill and Joseph Stalin met in what Crimean city?Yalta
46.6%
'Y' is the chemical symbol for what element?Yttrium
34.5%
In 1947, who became the first man to officially break the sound barrier?Yeager (Chuck)
32.3%
Which Norwegian comedy duo found fame in 2013 with the song 'The Fox (What Does the Fox Say?)'?Ylvis
19.3%

You're not logged in!

Compare scores with friends on all Sporcle quizzes.
Join for Free
OR
Log In

You Might Also Like...

Show Comments

Extras

Top Quizzes Today


Score Distribution

Your Account Isn't Verified!

In order to create a playlist on Sporcle, you need to verify the email address you used during registration. Go to your Sporcle Settings to finish the process.

Report this User

Report this user for behavior that violates our Community Guidelines.

Details: